Top 20 les pays qui produise le plus de fromage - Statistiques

Statistiques générales
  • Ce quiz a été pris 226 fois
  • Le résultat moyen est 13 sur 20
Statistiques - réponses
Top 20 Tonnes Pays % Correct
3 1 938 600 France
100%
1 6 315 293 Etats - Unis
98%
4 1 327 300 Italie
95%
14 442 230 Espagne
93%
2 2 297 400 Allemagne
88%
7 702 318 Russie
85%
10 593 078 Canada
84%
5 953 260 Pays - Bas
82%
11 461 530 Royaume uni
81%
16 377 000 Australie
74%
6 867 950 Pologne
69%
13 444 128 Argentine
66%
18 278 400 Irlande
58%
12 457 000 Danemark
57%
8 696 800 Turquie
54%
15 380 00 Nouvelle Zélande
53%
9 607 202 Egypte
36%
17 307 786 Iran
32%
20 209 624 Biélorussie
23%
19 234 834 Vénézuela
17%
Aucun quiz correspondant
Distribution des résultats
% des personnes avec chaque résultat
Percentile par nombre de réponses
Votre historique - résultats
Vous n’avez pas pris ce quiz